Top 50 Baby Girl Names Beginning with M - Statistics

General Stats
  • This quiz has been taken 505 times
  • The average score is 25 of 50
Answer Stats
Hint Answer % Correct
11 Mary
92%
9 Maria
89%
1 Mia
75%
14 Molly
75%
44 Maddison
74%
3 Madison
74%
36 Madeleine
70%
6 Madeline
70%
5 Madelyn
70%
30 Madilyn
70%
12 Margaret
70%
16 Millie
70%
7 Melanie
67%
34 Melissa
67%
42 Maci
66%
38 Maisie
66%
49 Maia
65%
4 Maya
65%
20 Mya
65%
2 Mila
64%
28 Maggie
58%
47 Mira
58%
32 Michelle
56%
10 Mackenzie
51%
33 Makenzie
51%
25 Mckenzie
51%
8 Melody
50%
13 Maeve
45%
23 Mariana
45%
40 Marlee
45%
18 Marley
45%
17 Morgan
45%
41 Maren
44%
39 Mabel
43%
50 Maryam
42%
26 Miriam
42%
46 Matilda
39%
37 Makenna
35%
19 Margot
35%
22 Mckenna
35%
21 Malia
33%
43 Maliyah
33%
29 Mariah
30%
31 Makayla
25%
24 Myla
25%
15 Magnolia
15%
35 Miracle
13%
27 Milani
11%
45 Meadow
9%
48 Malani
3%
No matching quizzes found
Score Distribution
Percent of People with Each Score
Percentile by Number Answered
Your Score History
You have not taken this quiz